00602 2200253 4500001002100000005001500021035002000036008004100056245005500097100002300152250000600175260003100181300001800212020001800230022000600248024000600254084001700260082001100277650000900288863000600297856002700303990000900330990000900339INLIS00000000000287720220324112918 a0010-0322000192220324 0 ind 1 aBelajar karakter dengan lagu /cHelyantini soetopo aHelyantini soetopo a1 aJakarta :bErlangga,c2017 a47hal ;c23cm a9786026847201 a0 a0 a782.42 HAN b a782.42 4alagu a0 aPengetahuan Masyarakat a8174 a8174